Loading...
| Fine Arts - Auditory Fine Arts | 5 | 16.00 | 100% | 60% | 0% |
| Fine Arts - Other Fine Arts | 7 | 15.71 | 100% | 57% | 0% |
| Fine Arts - Visual Fine Arts | 3 | 16.67 | 67% | 100% | 0% |
| Geography | 3 | 16.67 | 100% | 33% | 33% |
| History - American History | 5 | 16.00 | 100% | 40% | 20% |
| History - European History | 8 | 12.50 | 88% | 38% | 0% |
| History - Other History | 6 | 13.33 | 100% | 17% | 17% |
| History - World History | 3 | 16.67 | 100% | 33% | 33% |
| Literature - American Literature | 5 | 18.00 | 100% | 80% | 0% |
| Literature - British Literature | 8 | 15.00 | 100% | 50% | 0% |
| Literature - European Literature | 1 | 20.00 | 100% | 100% | 0% |
| Literature - World Literature | 6 | 18.33 | 83% | 67% | 33% |
| Mythology | 6 | 11.67 | 100% | 17% | 0% |
| Other Academic | 1 | 20.00 | 100% | 100% | 0% |
| Philosophy | 3 | 16.67 | 67% | 67% | 33% |
| Pop Culture | 1 | 10.00 | 100% | 0% | 0% |
| Religion | 5 | 14.00 | 60% | 60% | 20% |
| Science - Biology | 5 | 12.00 | 100% | 20% | 0% |
| Science - Chemistry | 5 | 10.00 | 80% | 20% | 0% |
| Science - Other Science | 5 | 14.00 | 100% | 40% | 0% |
| Science - Physics | 5 | 6.00 | 60% | 0% | 0% |
| Social Science | 5 | 14.00 | 100% | 40% | 0% |